[Event "FRA T.IV"]
[Site "Toulouse"]
[Date "2005.10.16"]
[Round "1"]
[White "Catala, Laurent"]
[Black "Rouede, Gilbert"]
[Result "0-1"]
[WhiteElo "1810"]
[BlackElo "1829"]
[PlyCount "56"]
[EventDate "2005.??.??"]
[EventType "team-match"]
[EventCountry "FRA"]

1. e4 c5 2. Nf3 d6 3. d4 cxd4 4. Nxd4 Nf6 5. Nc3 a6 6. Be2 g6 7. Be3 Bg7 8. O-O
O-O 9. f4 Qc7 10. f5 Nc6 11. g4 Ne5 12. g5 Nfd7 13. Nd5 Qd8 14. fxg6 hxg6 15.
h4 Nc5 16. Bf3 b5 17. Bf4 Nxf3+ 18. Rxf3 Bg4 19. Nc6 Qd7 20. Ncxe7+ Kh8 21. c3
Rae8 22. Qf1 Bxf3 23. Qxf3 Rxe7 24. Nxe7 Qxe7 25. Rd1 Qxe4 26. Kf2 Qc2+ 27. Kg3
Ne4+ 28. Kh3 Nf2+ 0-1

[Event "FRA T.IV"]
[Site "Toulouse"]
[Date "2005.10.16"]
[Round "1"]
[White "Cazals, Philippe"]
[Black "Moiseyev, Vlas"]
[Result "1/2-1/2"]
[WhiteElo "1840"]
[BlackElo "1810"]
[PlyCount "39"]
[EventDate "2005.??.??"]
[EventType "team-match"]
[EventCountry "FRA"]

1. f4 Nf6 2. Nf3 d5 3. e3 c5 4. Be2 g6 5. O-O Bg7 6. d3 O-O 7. Nc3 d4 8. exd4
cxd4 9. Ne4 Nc6 10. Qe1 Bf5 11. Nfg5 h6 12. Nxf6+ exf6 13. Ne4 Qe7 14. Bf3 Nb4
15. Bd1 Rac8 16. Bd2 Nd5 17. Rc1 Rfe8 18. Bf3 Be6 19. c4 f5 20. Ng3 1/2-1/2

[Event "FRA T.IV"]
[Site "Toulouse"]
[Date "2005.10.16"]
[Round "1"]
[White "Cebollero, Daniel"]
[Black "Devecchi, Jorge"]
[Result "0-1"]
[WhiteElo "1680"]
[BlackElo "1620"]
[PlyCount "50"]
[EventDate "2005.??.??"]
[EventType "team-match"]
[EventCountry "FRA"]

1. d4 f5 2. c4 e6 3. Nc3 Nf6 4. Bf4 Bb4 5. Nf3 O-O 6. e3 Ne4 7. Rc1 d6 8. Bd3
Bxc3+ 9. bxc3 g5 10. Bxe4 gxf4 11. Bd3 fxe3 12. fxe3 Nd7 13. O-O Kh8 14. Qd2
Nf6 15. Qc2 Bd7 16. e4 Ng4 17. Rce1 f4 18. Qb1 Rf7 19. e5 Ne3 20. Rf2 Bc6 21.
exd6 Qg8 22. Be4 Rg7 23. Ne5 Nxg2 24. Bxc6 Nxe1+ 25. Kf1 Rg1+ 0-1

[Event "FRA T.IV"]
[Site "Toulouse"]
[Date "2005.10.16"]
[Round "1"]
[White "Condeminas, Christian"]
[Black "Fayette, Sylvain"]
[Result "0-1"]
[WhiteElo "1770"]
[BlackElo "2015"]
[PlyCount "48"]
[EventDate "2005.??.??"]
[EventType "team-match"]
[EventCountry "FRA"]

1. e4 e6 2. d4 d5 3. Nc3 Nf6 4. Bg5 dxe4 5. Bxf6 gxf6 6. Nxe4 f5 7. Ng3 b6 8.
Bb5+ c6 9. Be2 Nd7 10. Qd2 Nf6 11. Nf3 h5 12. h4 Bb7 13. O-O-O Qc7 14. Ng5
O-O-O 15. Kb1 Bh6 16. f4 c5 17. c3 Bxg2 18. Nxh5 Nxh5 19. Bxh5 Bxh1 20. Rxh1
Bxg5 21. hxg5 Qb7 22. Rh3 Qe4+ 23. Ka1 cxd4 24. Bf3 Qxf3 0-1

[Event "FRA T.IV"]
[Site "Toulouse"]
[Date "2005.10.16"]
[Round "1"]
[White "Decorchemont, Julien"]
[Black "Martinez, Loic"]
[Result "0-1"]
[WhiteElo "1740"]
[BlackElo "1860"]
[PlyCount "67"]
[EventDate "2005.??.??"]
[EventType "team-match"]
[EventCountry "FRA"]

1. c4 e5 2. Nc3 Nf6 3. g3 Bc5 4. Bg2 Nc6 5. Nf3 d6 6. O-O Be6 7. d3 h6 8. Be3
Bxe3 9. fxe3 Qd7 10. Ne1 Bh3 11. Nc2 Bxg2 12. Kxg2 h5 13. b4 h4 14. Rxf6 hxg3
15. hxg3 Qh3+ 16. Kf2 gxf6 17. Ke1 Qh1+ 18. Kd2 Qxd1+ 19. Rxd1 f5 20. b5 Ne7
21. Nb4 O-O-O 22. Ncd5 Nxd5 23. Nxd5 Kd7 24. Rf1 c6 25. Nc3 Ke6 26. e4 fxe4 27.
Nxe4 f5 28. Ng5+ Kf6 29. Ne4+ Kg6 30. Nf2 d5 31. g4 f4 32. Rc1 Rh2 33. Ke1 e4
34. d4 0-1

[Event "FRA T.IV"]
[Site "Toulouse"]
[Date "2005.10.16"]
[Round "1"]
[White "Dirat, Sylvain"]
[Black "Blondelon, Paul"]
[Result "1-0"]
[WhiteElo "1750"]
[BlackElo "1470"]
[PlyCount "75"]
[EventDate "2005.??.??"]
[EventType "team-match"]
[EventCountry "FRA"]

1. d4 Nf6 2. Bg5 h6 3. Bh4 g5 4. Bg3 d6 5. Nc3 Bg7 6. e3 Bf5 7. Bd3 Bg4 8. f3
Bh5 9. Nge2 c6 10. O-O O-O 11. Ne4 Nxe4 12. fxe4 Nd7 13. Qd2 e5 14. Bc4 b5 15.
Bb3 a5 16. a4 b4 17. c3 Bxe2 18. Qxe2 bxc3 19. bxc3 Rb8 20. Qc4 Qe7 21. Rf2 Nf6
22. Bc2 Rb6 23. Raf1 Qe6 24. Qxe6 fxe6 25. dxe5 Nd7 26. Rxf8+ Nxf8 27. exd6 Nd7
28. e5 Bxe5 29. Bg6 Bf6 30. Be8 Rb7 31. Bxd7 Rxd7 32. Rxf6 Rb7 33. h3 Rb1+ 34.
Kh2 Rd1 35. Rxe6 Rd3 36. Rxh6 Rxe3 37. d7 Rd3 38. Rd6 1-0

[Event "FRA T.IV"]
[Site "Toulouse"]
[Date "2005.10.16"]
[Round "1"]
[White "Fabre, Philippe"]
[Black "Ajdari, Emmanuel"]
[Result "0-1"]
[WhiteElo "1698"]
[BlackElo "1620"]
[PlyCount "90"]
[EventDate "2005.??.??"]
[EventType "team-match"]
[EventCountry "FRA"]

1. e4 c5 2. Nf3 e6 3. d4 cxd4 4. Nxd4 Qb6 5. Nb3 Nc6 6. Be3 Qc7 7. Nc3 Nf6 8.
Be2 Bb4 9. f3 d5 10. exd5 Nxd5 11. Bd2 Nxc3 12. bxc3 Bd6 13. g3 e5 14. Bd3 Bh3
15. Qe2 Ba3 16. Nd4 Nxd4 17. cxd4 Bb2 18. Bb5+ Kd8 19. Rd1 exd4 20. Kf2 Bf5 21.
Be3 Qxc2 22. Bxd4 Qxe2+ 23. Kxe2 Bxd4 24. Rxd4+ Ke7 25. Re1 Rhd8 26. Rf4 Rd5
27. Kf2+ Be6 28. Bc4 Rd6 29. Rfe4 Rc8 30. f4 g6 31. g4 Kf6 32. Bxe6 Rxe6 33.
g5+ Kf5 34. Rb4 Rc2+ 35. Kf1 Rxe1+ 36. Kxe1 Rc7 37. h3 a6 38. Kd2 b5 39. a4 Rc4
40. Rxc4 bxc4 41. Kc3 Kxf4 42. h4 Kg4 43. Kxc4 Kxh4 44. Kc5 Kxg5 45. Kb6 h5 0-1

[Event "FRA T.IV"]
[Site "Toulouse"]
[Date "2005.??.10"]
[Round "1"]
[White "Garrel, Pascal"]
[Black "Pagnoncelli, Herve"]
[Result "1-0"]
[WhiteElo "1690"]
[BlackElo "1870"]
[PlyCount "65"]
[EventDate "2005.??.??"]
[EventType "team-match"]
[EventCountry "FRA"]

1. c4 e6 2. d4 d5 3. cxd5 exd5 4. Nf3 Nf6 5. Nc3 Bb4 6. Bd2 O-O 7. g3 Nc6 8.
Bg2 Bg4 9. a3 Bxc3 10. Bxc3 Ne4 11. Rc1 Qf6 12. O-O Rfe8 13. Qd3 Rad8 14. Rc2
h6 15. h3 Bf5 16. Nh4 Nxg3 17. Nxf5 Nxf5 18. e3 Qg5 19. Kh2 Re6 20. Rcc1 Rg6
21. Rg1 Qh5 22. Bh1 Rdd6 23. Rxg6 Rxg6 24. e4 Nfe7 25. Bd2 Qh4 26. Be3 Qh5 27.
exd5 Nxd5 28. Be4 Rf6 29. Qb5 Nf4 30. Qxh5 Nxh5 31. d5 Ne5 32. Rxc7 Rb6 33.
Rc8# 1-0

[Event "FRA T.IV"]
[Site "Toulouse"]
[Date "2005.10.16"]
[Round "1"]
[White "Giuriati, Paolo"]
[Black "Dhorne, Sebastien"]
[Result "1-0"]
[WhiteElo "2236"]
[BlackElo "2150"]
[PlyCount "85"]
[EventDate "2005.??.??"]
[EventType "team-match"]
[EventCountry "FRA"]

1. Nf3 Nf6 2. c4 e6 3. g3 b6 4. Bg2 Bb7 5. O-O Be7 6. b3 O-O 7. Bb2 d6 8. d3
Nbd7 9. Nbd2 Re8 10. a3 Nf8 11. Qc2 N6d7 12. e4 e5 13. d4 exd4 14. Nxd4 Ne6 15.
Rfe1 Rb8 16. Nxe6 fxe6 17. f4 e5 18. f5 Nf6 19. Nf1 c6 20. Rad1 Qc7 21. Ne3
Rbc8 22. Kh1 Red8 23. Bf3 b5 24. g4 g5 25. fxg6 hxg6 26. g5 Nd7 27. Qg2 Kg7 28.
Rc1 bxc4 29. Nxc4 Nc5 30. Re3 Ba6 31. Be2 Rb8 32. Qg3 Bxc4 33. Bxc4 Rh8 34. Rf1
Rbf8 35. Ref3 Rxf3 36. Rxf3 Rh5 37. Rf7+ Kh8 38. Qf4 Bxg5 39. Rf8+ Kh7 40. Rh8+
Kxh8 41. Qf8+ Kh7 42. Bg8+ Kh8 43. Bf7+ 1-0

[Event "FRA T.IV"]
[Site "Toulouse"]
[Date "2005.10.16"]
[Round "1"]
[White "Grill, Marc"]
[Black "Pfeifer, Andreas"]
[Result "1/2-1/2"]
[WhiteElo "2140"]
[BlackElo "2127"]
[PlyCount "92"]
[EventDate "2005.??.??"]
[EventType "team-match"]
[EventCountry "FRA"]

1. e4 e6 2. Nf3 d5 3. Nc3 Nf6 4. exd5 exd5 5. d4 Bb4 6. Bd3 O-O 7. O-O Bg4 8.
Bg5 Bxc3 9. bxc3 Nbd7 10. h3 Bh5 11. Bf5 Nb6 12. Qd3 Bg6 13. Ne5 Bxf5 14. Qxf5
Qc8 15. Qxc8 Raxc8 16. Bxf6 gxf6 17. Ng4 Kg7 18. Ne3 Rfe8 19. a4 a5 20. Rfb1
Red8 21. Rb5 Ra8 22. g4 Ra6 23. Kg2 c6 24. Rbb1 Rd7 25. Ra2 Nc8 26. Nf5+ Kf8
27. Rab2 Ra7 28. Kf3 Ne7 29. Ng3 Kg7 30. Nh5+ Kg6 31. Nf4+ Kg7 32. Nd3 Rc7 33.
Nc5 b5 34. axb5 cxb5 35. Rxb5 a4 36. Ra1 a3 37. Rb3 a2 38. Rb2 Ra3 39. Rbxa2
Rxc3+ 40. Kg2 Nc6 41. Rd1 Nxd4 42. Rxd4 R7xc5 43. Ra6 Rxc2 44. Rd6 R2c4 45.
R4xd5 Rxd5 46. Rxd5 Rc3 1/2-1/2

[Event "FRA T.IV"]
[Site "Toulouse"]
[Date "2005.10.16"]
[Round "1"]
[White "Hantisse, Alain"]
[Black "Le Doare, Bernard"]
[Result "1-0"]
[WhiteElo "1980"]
[BlackElo "1920"]
[PlyCount "85"]
[EventDate "2005.??.??"]
[EventType "team-match"]
[EventCountry "FRA"]

1. e4 Nf6 2. Nc3 d6 3. d4 c6 4. Bd3 Nbd7 5. Nf3 g6 6. O-O Bg7 7. Re1 e5 8. dxe5
dxe5 9. Bg5 O-O 10. Qe2 Qc7 11. Rad1 a5 12. a4 h6 13. Be3 Ng4 14. Bc1 Ngf6 15.
Bc4 Kh7 16. h3 Nc5 17. b3 Be6 18. Ba3 Bxc4 19. Qxc4 Ne6 20. Bxf8 Rxf8 21. g3
Nh5 22. Rd2 Qb6 23. Ne2 Nc5 24. g4 Nf6 25. Ng3 Nfd7 26. Red1 Qc7 27. c3 b5 28.
axb5 Qb6 29. bxc6 Nf6 30. b4 axb4 31. cxb4 Ne6 32. Ne2 Rb8 33. Nxe5 Qxb4 34.
Qxb4 Rxb4 35. f3 Nxe4 36. fxe4 Bxe5 37. Rd7 Kg7 38. Rf1 Rxe4 39. Rfxf7+ Kg8 40.
Kf1 Ng5 41. Rfe7 Bf6 42. Rxe4 Nxe4 43. c7 1-0

[Event "FRA T.IV"]
[Site "Toulouse"]
[Date "2005.10.16"]
[Round "1"]
[White "Join, Etienne"]
[Black "Sangoi, Jean Jacques"]
[Result "1-0"]
[WhiteElo "1790"]
[BlackElo "1760"]
[PlyCount "103"]
[EventDate "2005.??.??"]
[EventType "team-match"]
[EventCountry "FRA"]

1. e4 c5 2. Nf3 d6 3. d4 cxd4 4. Nxd4 Nc6 5. Bb5 Bd7 6. c3 Nf6 7. Qa4 Ne5 8.
Bxd7+ Qxd7 9. Qxd7+ Nfxd7 10. Ke2 a6 11. Be3 Nc4 12. b3 Nxe3 13. Kxe3 Rc8 14.
c4 g6 15. Nc3 Bg7 16. Rad1 O-O 17. Nd5 Rfe8 18. Nf3 Bh6+ 19. Ke2 Bg7 20. h4 Nc5
21. Nd2 e6 22. Nf4 Rcd8 23. g4 h6 24. Nd3 b6 25. Nxc5 dxc5 26. Nf3 Kf8 27. Rxd8
Rxd8 28. Rd1 Bd4 29. e5 Ke7 30. Nxd4 cxd4 31. f4 f5 32. gxf5 gxf5 33. Rg1 Kf7
34. Kd3 a5 35. a4 Rd7 36. h5 Rd8 37. Rg6 Rh8 38. Kxd4 Rd8+ 39. Kc3 Rd1 40. Rxh6
Rf1 41. Rh7+ Kf8 42. h6 Rxf4 43. Rb7 Rh4 44. h7 Rh6 45. Rxb6 Kg7 46. Rb7+ Kg6
47. c5 f4 48. Kd2 Kf5 49. c6 Ke4 50. c7 Rxh7 51. c8=Q Rh2+ 52. Ke1 1-0

[Event "FRA T.IV"]
[Site "Toulouse"]
[Date "2005.10.16"]
[Round "1"]
[White "Lacresse, Regis"]
[Black "Serres, Olivier"]
[Result "0-1"]
[WhiteElo "1890"]
[BlackElo "2000"]
[PlyCount "142"]
[EventDate "2005.??.??"]
[EventType "team-match"]
[EventCountry "FRA"]

1. e4 d6 2. d4 Nf6 3. Bd3 g6 4. f4 Bg7 5. Nf3 c5 6. c3 Nc6 7. d5 Nb8 8. O-O c4
9. Qa4+ Bd7 10. Qxc4 b5 11. Qd4 O-O 12. Kh1 Qc7 13. Qg1 Na6 14. Be3 e6 15. dxe6
fxe6 16. a4 Nc5 17. Bxc5 dxc5 18. axb5 c4 19. Bc2 Qxf4 20. Nd4 Qc7 21. Na3 e5
22. Nf3 Rfb8 23. b3 Bxb5 24. Nxb5 Rxb5 25. bxc4 Qxc4 26. Ba4 Rb2 27. Nxe5 Qxc3
28. Nf3 Nxe4 29. Rac1 Qb4 30. Bc6 Rd8 31. Qxa7 Rf8 32. Qd7 Nf2+ 33. Kg1 Qb6 34.
Bd5+ Kh8 35. h3 Nd3+ 36. Kh1 Nxc1 37. Rxc1 Rb1 38. Rxb1 Qxb1+ 39. Kh2 Qb2 40.
Qe6 Qb8+ 41. Kg1 Qb5 42. h4 Qc5+ 43. Kh2 Qf2 44. Kh3 Qf1 45. Kh2 Qc1 46. Kh3
Qf4 47. g3 Qf6 48. Kg2 Qb2+ 49. Kh3 Qf2 50. Ng5 Qf1+ 51. Bg2 Qf5+ 52. g4 Qd3+
53. Kh2 Qd1 54. Kh3 Qc2 55. Bd5 Qc3+ 56. Kg2 Qd2+ 57. Kh3 Qd3+ 58. Kh2 Qf1 59.
Bg2 Qf4+ 60. Kg1 Bd4+ 61. Kh1 Qf2 62. Kh2 Qxh4+ 63. Nh3 Qh6 64. Qd6 Qg7 65. Qd5
Be5+ 66. Kg1 Qa7+ 67. Kh1 Qa1+ 68. Ng1 Bd4 69. Kh2 Qxg1+ 70. Kh3 Qe3+ 71. Kh4
Be5 0-1

[Event "FRA T.IV"]
[Site "Toulouse"]
[Date "2005.10.16"]
[Round "1"]
[White "Lacroix, Romain"]
[Black "Levieux, Pascal"]
[Result "0-1"]
[WhiteElo "2081"]
[BlackElo "2083"]
[PlyCount "68"]
[EventDate "2005.??.??"]
[EventType "team-match"]
[EventCountry "FRA"]

1. e4 Nf6 2. e5 Nd5 3. d4 d6 4. c4 Nb6 5. exd6 exd6 6. Nc3 Be7 7. Be3 O-O 8.
Bd3 Nc6 9. Nge2 Nb4 10. O-O Nxd3 11. Qxd3 c6 12. f4 d5 13. c5 Nd7 14. f5 b6 15.
b4 a5 16. a3 Ba6 17. Qc2 Re8 18. Bf4 Bf6 19. Rad1 axb4 20. axb4 Bc4 21. Rf2 Ra3
22. Bd6 bxc5 23. bxc5 Qa5 24. Qb2 Rb3 25. Qa1 Qxa1 26. Rxa1 Rxc3 27. Nxc3 Bxd4
28. g3 Bxc3 29. Ra7 Nf6 30. Rc2 Bd4+ 31. Kg2 Ng4 32. Rc1 h5 33. Kh3 Re2 34. Rh1
Nf2+ 0-1

[Event "FRA T.IV"]
[Site "Toulouse"]
[Date "2005.10.16"]
[Round "1"]
[White "Lassabe, Nicolas"]
[Black "Saunders, Mark A"]
[Result "1-0"]
[WhiteElo "1900"]
[BlackElo "1699"]
[PlyCount "107"]
[EventDate "2005.??.??"]
[EventType "team-match"]
[EventCountry "FRA"]

1. e4 d5 2. exd5 Nf6 3. Nf3 Nxd5 4. c4 Nb6 5. d4 Bg4 6. h3 Bh5 7. b3 e6 8. Bb2
Bb4+ 9. Nbd2 O-O 10. Bd3 Nc6 11. Qc2 f5 12. g4 Bg6 13. O-O-O Be7 14. a3 Bf6 15.
gxf5 Bxf5 16. Bxf5 exf5 17. d5 Bxb2+ 18. Qxb2 Ne7 19. Nd4 Qd6 20. Ne6 Rf7 21.
Nf3 Ng6 22. c5 Qe7 23. cxb6 axb6 24. b4 Qd6 25. Rhg1 c6 26. Neg5 Rc7 27. dxc6
Qxc6+ 28. Kb1 h6 29. Qb3+ Kh8 30. Ne6 Rxa3 31. Qxa3 Qc2+ 32. Ka1 Rc3 33. Qb2
Qa4+ 34. Kb1 Rb3 35. Rd8+ Kh7 36. Nfg5+ hxg5 37. Nxg5+ Kh6 38. Nf7+ Kh5 39.
Rg5+ Kh4 40. Rd4+ f4 41. Rxg6 Rxb2+ 42. Kxb2 Qe8 43. Rg4+ Kxh3 44. Rdxf4 Qe2+
45. Kc3 Qe1+ 46. Kc4 Qe2+ 47. Kd4 Qd2+ 48. Ke5 Qb2+ 49. Kd6 Qd2+ 50. Rd4 Qxf2
51. Rh4+ Qxh4 52. Rxh4+ Kxh4 53. Kc7 g5 54. Nxg5 1-0

[Event "FRA T.IV"]
[Site "Toulouse"]
[Date "2005.10.16"]
[Round "1"]
[White "Le Doare, William"]
[Black "Blesing, Rene"]
[Result "1-0"]
[WhiteElo "1830"]
[BlackElo "1700"]
[PlyCount "71"]
[EventDate "2005.??.??"]
[EventType "team-match"]
[EventCountry "FRA"]

1. e4 Nf6 2. e5 Nd5 3. Bc4 Nb6 4. Bb3 c5 5. d3 Nc6 6. f4 e6 7. Nf3 d5 8. c3 Be7
9. O-O Qc7 10. d4 Bd7 11. Na3 Na5 12. dxc5 Bxc5+ 13. Kh1 Nxb3 14. axb3 Be7 15.
Nc2 O-O 16. Be3 Bc6 17. Ncd4 Nd7 18. b4 a6 19. Qe1 Rfe8 20. Qg3 Bf8 21. f5 exf5
22. Nxf5 Kh8 23. Bd4 Re6 24. Ng5 Rg6 25. Nxf7+ Kg8 26. Qf4 Nb6 27. Nh4 Re6 28.
Ng5 Rh6 29. Qf2 Nc4 30. Nf7 Re6 31. b3 Re7 32. e6 Nd6 33. Nf5 Rxe6 34. Be5 Qxf7
35. Bxd6 Rf6 36. Nh6+ 1-0

[Event "FRA T.IV"]
[Site "Toulouse"]
[Date "2005.??.10"]
[Round "1"]
[White "Marni Sandid, Tarik"]
[Black "Thet, Sylvain"]
[Result "1/2-1/2"]
[WhiteElo "1720"]
[BlackElo "2030"]
[PlyCount "112"]
[EventDate "2005.??.??"]
[EventType "team-match"]
[EventCountry "FRA"]

1. e4 c5 2. Nf3 e6 3. d4 cxd4 4. Nxd4 a6 5. Nc3 Qc7 6. a3 Nf6 7. Be3 d6 8. Bd3
Be7 9. g4 Nc6 10. Nxc6 Qxc6 11. g5 Nd7 12. f4 Nc5 13. Bxc5 Qxc5 14. Qe2 h6 15.
O-O-O hxg5 16. f5 Bf6 17. Nb1 Qe5 18. c3 Bd7 19. Nd2 Ba4 20. Rde1 Rc8 21. Nc4
Qc5 22. e5 dxe5 23. fxe6 fxe6 24. Qe4 Bc6 25. Qg6+ Ke7 26. Nxe5 Be8 27. Qe4
Bxe5 28. Qxe5 Qxe5 29. Rxe5 Kf6 30. Rhe1 Bf7 31. R5e2 Rh3 32. Rf2+ Ke7 33. Be4
Rc7 34. Bf5 Rh4 35. Rfe2 Rc6 36. Be4 Rc7 37. Bd5 Rh6 38. Rg1 b5 39. Be4 Rc5 40.
Reg2 Kf8 41. Rxg5 Rxg5 42. Rxg5 Rxh2 43. Bb7 Rh5 44. Rxh5 Bxh5 45. Bxa6 Be8 46.
Bb7 Ke7 47. Kd2 Kd6 48. Bf3 Kc5 49. b3 Bg6 50. Bd1 e5 51. Ke3 Bf5 52. Be2 g6
53. b4+ Kc6 54. Bf3+ Kd6 55. Ba8 Bd7 56. Be4 Bf5 1/2-1/2

[Event "FRA T.IV"]
[Site "Toulouse"]
[Date "2005.10.16"]
[Round "1"]
[White "Misiaszek, Stephan"]
[Black "Sujoyan, Ararat"]
[Result "1-0"]
[WhiteElo "1600"]
[BlackElo "1599"]
[PlyCount "124"]
[EventDate "2005.??.??"]
[EventType "team-match"]
[EventCountry "FRA"]

1. d4 d5 2. Nf3 Nc6 3. e3 Bf5 4. c4 e6 5. Nc3 a6 6. a3 Nf6 7. b4 Be7 8. Bb2 O-O
9. Ne5 Nxe5 10. dxe5 Ng4 11. cxd5 Nxe5 12. e4 Bg6 13. f4 Nd7 14. Bc4 Nb6 15.
Bb3 exd5 16. f5 Bxf5 17. exf5 c6 18. O-O f6 19. Qg4 Bd6 20. Ne2 Nd7 21. Nd4 Rf7
22. Ne6 Qb8 23. h4 Ne5 24. Bxe5 Bxe5 25. Rad1 Qd6 26. Qf3 Kh8 27. g4 Bg3 28.
Kg2 Bxh4 29. Rh1 Bg5 30. Nxg5 fxg5 31. Bc2 h6 32. Rde1 Rf6 33. Re2 Raf8 34.
Rhe1 Kh7 35. Qg3 Qxg3+ 36. Kxg3 Kg8 37. Re7 R8f7 38. R1e6 Rxe6 39. Rxe6 Kf8 40.
Kf3 Re7 41. Rxe7 Kxe7 42. Ke3 b6 43. Bd3 a5 44. bxa5 bxa5 45. Kd4 Kd6 46. Kc3
c5 47. Be2 Ke5 48. Kb3 h5 49. f6 Kxf6 50. gxh5 Kf5 51. Ka4 Kf4 52. Kxa5 g4 53.
Kb5 g3 54. Bf1 c4 55. Kb4 Ke3 56. Kc3 Kf2 57. Bh3 g2 58. Bxg2 Kxg2 59. Kd4 Kf3
60. a4 c3 61. Kxc3 Ke3 62. a5 d4+ 1-0

[Event "FRA T.IV"]
[Site "Toulouse"]
[Date "2005.??.10"]
[Round "1"]
[White "Moisselin, Jean Marc"]
[Black "Calatrava, Julien"]
[Result "0-1"]
[WhiteElo "1499"]
[BlackElo "1850"]
[PlyCount "50"]
[EventDate "2005.??.??"]
[EventType "team-match"]
[EventCountry "FRA"]

1. d4 Nf6 2. Bf4 e6 3. Nf3 b6 4. e3 Bb7 5. a3 Be7 6. Be2 d6 7. Nc3 a6 8. Qd3
Nbd7 9. O-O-O O-O 10. h3 b5 11. Na2 a5 12. g4 Ne4 13. Rh2 b4 14. Qb3 c5 15. d5
exd5 16. Nd2 a4 17. Qd3 c4 18. Nxc4 Ndc5 19. Qd4 dxc4 20. g5 b3 21. Nb4 bxc2
22. Kxc2 Nb3 23. Nc6 Nxd4+ 24. Rxd4 Bxc6 25. Bxc4 Qb6 0-1

[Event "FRA T.IV"]
[Site "Toulouse"]
[Date "2005.10.16"]
[Round "1"]
[White "Oriot, Patrice"]
[Black "Hutin, Christophe"]
[Result "1-0"]
[WhiteElo "2090"]
[BlackElo "2138"]
[PlyCount "53"]
[EventDate "2005.??.??"]
[EventType "team-match"]
[EventCountry "FRA"]

1. e4 d6 2. d4 Nf6 3. Nc3 g6 4. f4 Bg7 5. Nf3 O-O 6. Bd3 Na6 7. O-O c5 8. d5
Nc7 9. a4 b6 10. Qe2 a6 11. Bc4 Bb7 12. Rd1 Rb8 13. e5 dxe5 14. d6 exd6 15.
fxe5 Ng4 16. exd6 Re8 17. Bxf7+ Kxf7 18. Qc4+ Ne6 19. Ng5+ Qxg5 20. Bxg5 Bd4+
21. Rxd4 cxd4 22. d7 dxc3 23. dxe8=Q+ Rxe8 24. Qxg4 cxb2 25. Rf1+ Kg8 26. Bh6
Bd5 27. c4 1-0

[Event "FRA T.IV"]
[Site "Toulouse"]
[Date "2005.10.16"]
[Round "1"]
[White "Pokee, Anne Josephe"]
[Black "Riviere, Frederic"]
[Result "1-0"]
[WhiteElo "2006"]
[BlackElo "1900"]
[PlyCount "35"]
[EventDate "2005.??.??"]
[EventType "team-match"]
[EventCountry "FRA"]

1. e4 e5 2. Nf3 d6 3. d4 exd4 4. Bc4 Be6 5. Bxe6 fxe6 6. Nxd4 Qf6 7. c3 Ne7 8.
Qb3 Qg6 9. Qxb7 Qxg2 10. Rf1 Nec6 11. Qxa8 Qxe4+ 12. Be3 Kd7 13. Qb7 Be7 14.
Nd2 Qd3 15. Qb5 Qg6 16. N2b3 Rf8 17. Nxc6 Nxc6 18. Nd4 1-0

[Event "FRA T.IV"]
[Site "Toulouse"]
[Date "2005.10.16"]
[Round "1"]
[White "Ponsolle, Rene"]
[Black "Le Fournier, Bastien"]
[Result "0-1"]
[WhiteElo "1540"]
[BlackElo "1895"]
[PlyCount "48"]
[EventDate "2005.??.??"]
[EventType "team-match"]
[EventCountry "FRA"]

1. e4 c5 2. Nf3 d6 3. c3 Nf6 4. d3 Nc6 5. Be2 g6 6. h3 Bg7 7. Be3 O-O 8. Qc2
Rb8 9. g4 b5 10. Bf4 b4 11. Bd2 Qb6 12. Be3 Ba6 13. O-O bxc3 14. bxc3 Qb2 15.
Qxb2 Rxb2 16. Nbd2 Nxe4 17. c4 Nxd2 18. Nxd2 Nd4 19. Bd1 Rfb8 20. Bb3 Rxd2 21.
Bxd2 Nf3+ 22. Kh1 Nxd2 23. Rfd1 Bxa1 24. Rxa1 Nxb3 0-1

[Event "FRA T.IV"]
[Site "Toulouse"]
[Date "2005.10.16"]
[Round "1"]
[White "Sandel, Frederic"]
[Black "Alladaye, Rene"]
[Result "0-1"]
[WhiteElo "1490"]
[BlackElo "1720"]
[PlyCount "104"]
[EventDate "2005.??.??"]
[EventType "team-match"]
[EventCountry "FRA"]

1. e4 c5 2. Nf3 d6 3. d4 cxd4 4. Nxd4 Nf6 5. Nc3 g6 6. Bc4 Bg7 7. O-O O-O 8.
Re1 Nc6 9. Nf3 Na5 10. Bd3 Bg4 11. h3 Bd7 12. Nb5 a6 13. Nbd4 Nc6 14. c3 Rc8
15. Bg5 h6 16. Bf4 Nxd4 17. cxd4 Nh5 18. Be3 e5 19. d5 f5 20. exf5 gxf5 21.
Nxe5 dxe5 22. Qxh5 Be8 23. Qe2 Qxd5 24. Rac1 Rxc1 25. Rxc1 Qd7 26. Qd2 e4 27.
Bc4+ Kh8 28. Qxd7 Bxd7 29. b3 f4 30. Bc5 Rc8 31. Bd5 Bc6 32. Bxc6 Rxc6 33. Kf1
Kg8 34. Ke2 Bf8 35. Rc4 Rxc5 36. Rxe4 Rc2+ 37. Kf3 Bc5 38. Re2 Rxe2 39. Kxe2
Kf7 40. Kf3 Ke6 41. Kxf4 Bxf2 42. g3 Be1 43. h4 Bd2+ 44. Kg4 Ke5 45. Kh5 Kd4
46. g4 Kc3 47. g5 hxg5 48. hxg5 Kb4 49. g6 Bc3 50. Kh6 Ka3 51. g7 Bxg7+ 52.
Kxg7 Kxa2 0-1

[Event "FRA T.IV"]
[Site "Toulouse"]
[Date "2005.10.16"]
[Round "1"]
[White "Schegerin, Andre"]
[Black "Noll, Dominik"]
[Result "0-1"]
[WhiteElo "1840"]
[BlackElo "1699"]
[PlyCount "63"]
[EventDate "2005.??.??"]
[EventType "team-match"]
[EventCountry "FRA"]

1. f4 c5 2. Nf3 d5 3. e3 Bg4 4. Bb5+ Nc6 5. h3 Bxf3 6. Qxf3 Nf6 7. b3 e6 8. d3
Qa5+ 9. Bd2 Qxb5 10. Nc3 Qb6 11. O-O Be7 12. g4 O-O-O 13. a4 Nb4 14. Rfc1 Kb8
15. g5 Nd7 16. a5 Qc6 17. Na4 f5 18. Qe2 e5 19. c3 Na6 20. b4 c4 21. b5 Qxb5
22. Rcb1 Qc6 23. d4 exf4 24. exf4 Rhe8 25. Qf3 Bd6 26. Ra2 Re4 27. Kg2 Rde8 28.
Kg3 Nf8 29. Nc5 Bxc5 30. dxc5 Nxc5 31. Qf2 Nd3 32. Qf3 0-1

[Event "FRA T.IV"]
[Site "Toulouse"]
[Date "2005.10.16"]
[Round "1"]
[White "Tesan, Michael"]
[Black "Ribou, Jacques"]
[Result "1-0"]
[WhiteElo "2085"]
[BlackElo "1870"]
[PlyCount "97"]
[EventDate "2005.??.??"]
[EventType "team-match"]
[EventCountry "FRA"]

1. e4 d6 2. d4 Nf6 3. Nc3 e5 4. dxe5 dxe5 5. Qxd8+ Kxd8 6. Bc4 Be6 7. Bxe6 fxe6
8. f3 a6 9. Be3 Bd6 10. O-O-O Ke7 11. Nh3 Nc6 12. Nf2 Rad8 13. Nd3 b6 14. a3 h6
15. b4 a5 16. Na2 axb4 17. Naxb4 Nxb4 18. axb4 Ra8 19. Kb2 Ra4 20. c3 Rha8 21.
Ra1 Rxa1 22. Rxa1 Rxa1 23. Kxa1 Nd7 24. Ka2 b5 25. Kb3 Nb6 26. Bxb6 cxb6 27.
Kc2 Kf6 28. Kd2 g5 29. Ke2 h5 30. Kf2 Bf8 31. Kg3 Bg7 32. Ne1 Ke7 33. Nc2 Kd6
34. Na3 Kc6 35. h4 Bf6 36. hxg5 Bxg5 37. Kh3 Bf6 38. g4 h4 39. Nc2 Bg5 40. Ne1
Bd2 41. Nd3 Bxc3 42. Kxh4 Kd7 43. Kg5 Ke7 44. Kg6 Bd2 45. Nxe5 Bf4 46. Nd3 Bd2
47. f4 Bc3 48. e5 Bd2 49. Kg7 1-0

[Event "FRA T.IV"]
[Site "Toulouse"]
[Date "2005.10.16"]
[Round "1"]
[White "Trier, Marc"]
[Black "Eb Levadoux, Yvan"]
[Result "0-1"]
[WhiteElo "1660"]
[BlackElo "1870"]
[PlyCount "70"]
[EventDate "2005.??.??"]
[EventType "team-match"]
[EventCountry "FRA"]

1. e4 c5 2. Nc3 Nc6 3. f4 e6 4. Nf3 d5 5. exd5 exd5 6. g3 Nf6 7. Bg2 Bd6 8. O-O
O-O 9. d3 Bg4 10. Ne2 Re8 11. h3 Bd7 12. Kh1 h5 13. Re1 Qc7 14. Bd2 Ne7 15. Be3
Nf5 16. Bf2 Ne3 17. Bxe3 Rxe3 18. Qd2 Rae8 19. Nc3 d4 20. Nb5 Bxb5 21. Kh2 Bc6
22. Qf2 Bxf3 23. Bxf3 b5 24. Rad1 Qa5 25. c3 Qxa2 26. Rf1 dxc3 27. bxc3 Qxf2+
28. Rxf2 a5 29. Bc6 Re2 30. Kg2 Rxf2+ 31. Kxf2 Rb8 32. Ra1 b4 33. Rb1 h4 34.
Kf3 hxg3 35. Kxg3 Nh5+ 0-1